01131nam a2200241 i 450000100060000000300090000600500170001500700030003200800410003510000410007624502130011724600380033026000680036830000460043653000350048265100480051770000420056570000300060785200210063785600760065899900170073495201380075146517ES-MaACL20250627063628.0t|030331s1858 sp ||||1| spa d1 aComettant, Oscar, d1819-189894000410aTres años en los Estados-Unidos : bestudio de los hábitos y costumbes americanas / cpor Oscar Comettant ; traducida del francés por los señores Don Santiago Infante de Palacios y D. Federico Utrera.2 aTres años en los Estados Unidos aMadrid : bJ.J.M., c1858 (fImp. y Lit. de D. J.J. Martínez) aVIII, 288 p., [4] h. de lám. ; c23 cm. aDisponible en formato digital. 4aEstados Unidos-xUsos y costumbres.91738361 aInfante de Palacios, Santiago.9652591 aUtrera, Federico.91123304 aES-MaACLjF-18794 uhttps://archive.org/details/tresadnosenlos00comerich zInternet Archive c46517d46517 001040708Colección_digitalaATENEOMbATENEOMcDEPO2d2008-01-17eSCl0oF-1879p1048921r2023-02-23 00:00:00w2023-02-23yMONANT